00487nam a2200193 a 4500001001300000003000900013005001700022008004100039020001200080082001600092100001500108245003500123260004200158300000900200500003500209505001500244650001900259700001500278nice12345678IN_TiNIC20260116015150.0050524s1974 zona grp 000 0 eng  ac549.700a226.7bLEW1 aLewis, C S aMiraclesb a Preliminary Study aZondervanbHarper San Franciscoc1974 a294p aincludes index and biblioraphy2 aAppendices aBible-Miracles1 aLewis, C S